000 00694nam a22002537a 4500
005 20170124110121.0
010 _aA-839741
020 _c00.00
035 _aA-839741
037 _bCen Lib/Ret
040 _aDPL
_bEN
082 _aS
_bSHE
100 _aSheng, Hong
_930574
245 _aThe palace of enternal youth /
_cby Hong Sheng; translated by Yang Xlanyi [and] Gladys Yang
250 _a2nd ed.
260 _bForeign Language Press
_c1980
_aBeijing
270 _bBeijing
300 _a281p.
_c19cm(Hb)
650 _aChinese literature
_927957
650 _aStories
_97500
700 _aXianyi, Yang
_930276
700 _aYang, Gladys
_930575
942 _2ddc
_cEN
_hS
_mSHE
999 _c131010
_d131010